Statistics for Timescale of Great Philosophers #3

Click here to take the quiz!

General Stats

  • This quiz has been taken 32 times
  • The average score is 15 of 16

Answer Stats

PhilosopherTimeAnswer% Correct
Karl Popper1469-1527Niccolò Machiavelli
100%
Adam Smith410-323 BC*Diogenes
96%
Epicurus341-270 BC*Epicurus
96%
Thomas Hobbes354-430Saint Augustine
96%
David Hume544-496 BCSun Tzu
96%
Michel de Montaigne1736-1809Thomas Paine
96%
Mary Wollstonecraft1723-1790Adam Smith
92%
Diogenes1711-1776David Hume
92%
Martin Heidegger1561-1626Francis Bacon
92%
Sun Tzu1759-1797Mary Wollstonecraft
92%
Arthur Schopenhauer1533-1592Michel de Montaigne
92%
Hannah Arendt1788-1860Arthur Schopenhauer
88%
Saint Augustine1906-1975Hannah Arendt
88%
Niccoló Machiavelli1889-1976Martin Heidegger
88%
Francis Bacon1588-1679Thomas Hobbes
88%
Thomas Paine1902-1994Karl Popper
83%

Score Distribution

Percentile by Number Answered

Percent of People with Each Score

Your Score History

You have not taken this quiz